| 000 | 01140cam a22002054a 4500 | ||
|---|---|---|---|
| 005 | 20250605163955.0 | ||
| 008 | 250528s ||||||||||||||||||||||||d | ||
| 035 | _a15443 | ||
| 020 | _a1856281892 | ||
| 040 |
_aGR-AtMCL _bgre _dGR-AtMCL _eAACR2 |
||
| 245 | 1 | _aCase Handbook for Information Managers / Selecting and Implementing Case Tools | |
| 260 |
_bAvebury Technical, _c1991 |
||
| 300 | _a328 | ||
| 520 | _aAll you ever wanted to know about selecting and implementing CASE tools. What is Case? The Anatomy of a CASE Tool, CASE and Structured Methodologies, CASE and Methodology Conformance, The CASE Environment: The Human Interface, The CASE Environment: Co-operating with Other Software, Evaluation: A Question of Choice, How to Implement CASE Tools, Towards Standardization: Formalizing the CASE Environment, The Future of CASE Tools, Appendices, Product Breakdown: Categorization of Current Case Tools, Suggested Selection Criteria for CASE Products, Sample Forms for use in CASE Selection, Index. | ||
| 700 | 1 |
_aBidgood Tony _91364 |
|
| 700 | 1 |
_aHolloway Simon _91365 |
|
| 942 | _cBK | ||
| 999 |
_c1023 _d1023 |
||